Vuelo 505 con destino a caracas (Record no. 163409)

MARC details
000 -LÍDER
campo de controle de tamanho fixo 00353 a2200157 4500
001 - NÚMERO DE CONTROLE
campo de controle 163409
020 ## - ISBN - INTERNATIONAL STANDARD BOOK NUMBER
ISBN - International Standard Book Number 84-87099-10-6
040 ## - FONTE DA CATALOGAÇÃO
Instituição que transcreveu o registro Magnum
100 ## - ENTRADA PRINCIPAL--NOME PESSOAL
Nome pessoal Sans, Neus
240 10 - TÍTULO UNIFORME
Título uniforme Vuelo 505 con destino a caracas
Idioma da obra ESP
245 10 - TÍTULO
Título Vuelo 505 con destino a caracas
300 ## - DESCRIÇÃO FÍSICA
Extensão 76
362 0# - DATAS DE PUBLICAÇÃO E/OU DESIGNAÇÃO SEQUENCIAL
Datas de publicação e/ou designação sequencial 1989
697 ## - ENTRADA DE ASSUNTO LOCAL--ENTIDADE COLETIVA (RLIN)
Nome corporativo ou nome da jurisdição LITERATURA ESPANHOLA
942 ## - ELEMENTOS DE ENTRADA ADICIONADOS (KOHA)
Tipo de material Koha Livros
Holdings
Situação do descarte Situação das perdas Situação física Não pode ser emprestado Biblioteca de origem Biblioteca atual Data de aquisição Total de empréstimos Número de chamada completo Código de barras Data de último acesso Data do preço efetivo Tipo de material Koha
        Magnum Magnum 08/06/2024   863.83 MAG00007044 08/06/2024 08/06/2024 Livros
        Magnum Magnum 08/06/2024   863.83 MAG00007045 08/06/2024 08/06/2024 Livros
        Magnum Magnum 08/06/2024   863.83 MAG00007046 08/06/2024 08/06/2024 Livros